| 000 | 00759cam a2200133 4500500 | ||
|---|---|---|---|
| 005 | 20251228051729.0 | ||
| 041 | _afre | ||
| 042 | _adc | ||
| 245 | 0 | 0 | _aVERCELLINO, Jean-Claude; MARC, Jean-Pierre, Notation et évaluation dans la fonction publique territoriale. Comment réaliser la notation et réussir ses entretiens d évaluation. Paris (France) : Editions du Papyrus (www.editions-papyrus.com), 2003. 228 p. (Fonctions territoriales), ISBN: 2-87603-139-6. 32 € |
| 260 | _c2005. | ||
| 500 | _a1 | ||
| 786 | 0 | _nRevue Internationale des Sciences Administratives | 71 | 1 | 2005-03-01 | p. 185v-190v | 0303-965X | |
| 856 | 4 | 1 | _uhttps://droit.cairn.info/revue-internationale-des-sciences-administratives-2005-1-page-185v?lang=fr&redirect-ssocas=7080 |
| 999 |
_c1582110 _d1582110 |
||